000 00556nam a2200181 a 4500
005 20140414131859.0
008 040202s19uu xx 00 eng d
020 _a971-134-106-9
050 _aFIL 398.2
_bC46 1990
100 _aChorengel, Marla Yotoko
245 _aWhy the sky is high /
_cMarla Yotoko Chorengel ; edited by Melissa Y. Moran; illustrated by Bernadette C. Solina.
260 _aPhilippines :
_bBookmark,
_c1990.
300 _a29 p. ; cm.
650 _aFolktales
_xPhilippine.
999 _c110580
_d110580